Оценка кампании ВВЭР при загрузке микротоплива; Физико-технические проблемы в науке, промышленности и медицине

Bibliografiset tiedot
Parent link:Физико-технические проблемы в науке, промышленности и медицине.— 2016.— [С. 44-45]
Päätekijä: Масенко С. А. Светлана Амыровна
Yhteisötekijä: Национальный исследовательский Томский политехнический университет (ТПУ)
Yhteenveto:Заглавие с экрана
Kieli:venäjä
Julkaistu: 2016
Sarja:Физико-энергетические и электрофизические установки
Aiheet:
Linkit:http://earchive.tpu.ru/handle/11683/31176
Aineistotyyppi: MixedMaterials Elektroninen Kirjan osa
KOHA link:https://koha.lib.tpu.ru/cgi-bin/koha/opac-detail.pl?biblionumber=619140

MARC

LEADER 00000naa2a2200000 4500
001 619140
005 20231101133039.0
035 |a (RuTPU)RU\TPU\conf\17544 
035 |a RU\TPU\conf\17543 
090 |a 619140 
100 |a 20160810d2016 k y0rusy50 ca 
101 0 |a rus 
102 |a RU 
105 |a y z 101zy 
135 |a drgn ---uucaa 
181 0 |a i  
182 0 |a b 
200 1 |a Оценка кампании ВВЭР при загрузке микротоплива  |f С. А. Масенко 
203 |a Текст  |c электронный 
225 1 |a Физико-энергетические и электрофизические установки 
230 |a 1 компьютерный файл (pdf; 457 Кb) 
300 |a Заглавие с экрана 
320 |a [Библиогр.: с. 45 (2 назв.)] 
463 0 |0 (RuTPU)RU\TPU\conf\17455  |t Физико-технические проблемы в науке, промышленности и медицине  |o сборник тезисов докладов VIII Международной научно-практической конференции, г. Томск, 1-3 июня 2016 г.  |f Национальный исследовательский Томский политехнический университет (ТПУ) ; под ред. О. Ю. Долматова [и др.]  |v [С. 44-45]  |d 2016 
610 1 |a труды учёных ТПУ 
610 1 |a электронный ресурс 
610 1 |a ВВЭР 
610 1 |a микротопливо 
610 1 |a теплопроводность 
610 1 |a ядерное топливо 
610 1 |a ядерные установки 
610 1 |a тепловые нейтроны 
700 1 |a Масенко  |b С. А.  |c физик  |c высококвалифицированный рабочий Томского политехнического университета  |g Светлана Амыровна  |2 stltpush  |3 (RuTPU)RU\TPU\pers\35502 
712 0 2 |a Национальный исследовательский Томский политехнический университет (ТПУ)  |c (2009- )  |2 stltpush  |3 (RuTPU)RU\TPU\col\15902 
801 2 |a RU  |b 63413507  |c 20160826  |g RCR 
856 4 |u http://earchive.tpu.ru/handle/11683/31176 
942 |c BK